| 000 | 00505nam a22001697a 4500 | ||
|---|---|---|---|
| 003 | BD-DhUL | ||
| 005 | 20180107143908.0 | ||
| 008 | 180107s1983 ii |||| |||| 000 0 ben d | ||
| 040 |
_aBD-DhUL _cBD-DhUL |
||
| 082 |
_a891.443 _bPRS |
||
| 100 | 1 | _aসেন, প্রলয়। | |
| 245 | 1 |
_aসীতা / _cপ্রলয় সেন। |
|
| 300 |
_a২৯৯ পৃ. ; _c২১ সেমি. |
||
| 650 | 4 | _aবাংলা উপন্যাস | |
| 650 | 4 | _aBengali fiction | |
| 942 |
_2ddc _cBK |
||
| 999 |
_c236816 _d236816 |
||